| 000 | 00991nmc a2200313 a 4500 | ||
|---|---|---|---|
| 003 | AR-BaBNM | ||
| 005 | 20251128211256.0 | ||
| 008 | 263020s2003 ||||||||||||||000 | spa|| | ||
| 020 | _a84-95294-43-5 | ||
| 040 | _cAR-BaBNM | ||
| 100 | 1 | _aPini, Mónica | |
| 245 | 1 | 0 |
_aEscuelas charter y empresas _bun discurso que vende |
| 250 | _a1ª ed. | ||
| 260 |
_aBuenos Aires _bUniversidad Nacional de General San Martín _bLaboratorio de Políticas Públicas _bMiño y Dávila _c2003 |
||
| 300 | _a200 p. | ||
| 490 | 0 | _aLaboratorio de Políticas Públicas | |
| 500 | _aContiene índice de cuadros, figuras y gráficos | ||
| 504 | _aContiene referencias bibliográficas p. 191-200 | ||
| 650 | 4 | _aPOLITICA EDUCATIVA | |
| 650 | 4 | _aEMPRESAS | |
| 650 | 4 | _aECONOMIA DE LA EDUCACION | |
| 651 | 4 | _aEstados Unidos | |
| 653 | _aGESTION EDUCATIVA | ||
| 653 | _aESCUELAS CHARTER | ||
| 700 | 1 |
_aAnderson, Gary L. _eprologuista |
|
| 800 | 1 | _aGentili, Pablo | |
| 942 | _cBK | ||
| 998 | _craquel | ||
| 999 |
_c18961 _d18961 |
||